Jean Renoir
Saved in:
| Hovedforfatter: | |
|---|---|
| Format: | Bog |
| Sprog: | spansk |
| Udgivet: |
Madrid
Artiach
1973
|
| Udgivelse: | 1a. ed |
| Fag: | |
| Tags: |
Tilføj Tag
Ingen Tags, Vær først til at tagge denne postø!
|
MARC
| LEADER | 00000cam a2200000 a 4500 | ||
|---|---|---|---|
| 001 | UCC0303 | ||
| 003 | CL-VaPUC | ||
| 008 | 170804e19730000sp |||||||||||||||||spa|d | ||
| 082 | 0 | 4 | |a 791.4309 |b BAZ |2 21 |
| 100 | |a Bazin, André |e author |9 594214 | ||
| 245 | 1 | 0 | |a Jean Renoir |
| 250 | |a 1a. ed | ||
| 300 | |a 289 p | ||
| 942 | |c BK | ||
| 945 | |d 20170804 10:38:00 |a dcastane | ||
| 260 | |a Madrid |b Artiach |c 1973 | ||
| 650 | 0 | |a Directores de cine |9 368705 | |
| 650 | 7 | |a REALIZADORES CINEMATOGRAFICOS |2 CL-VaPUC |9 355120 | |
| 650 | 7 | |a CINE FRANCES |2 CL-VaPUC |9 413098 | |
| 650 | 0 | |a Biografías |9 255210 | |
| 583 | |a last modification |c 20170804 10:38:00 |k Rodrigo Vera | ||
| 999 | |c 369164 |d 369162 | ||
| 952 | |0 0 |1 0 |3 erb |4 0 |6 791_430900000000000_BAZ_1973 |7 0 |8 A |9 484754 |a BIBART |b BIBART |i 5412544 |o 791.4309 BAZ 1973 |p 5412544 |r 2025-03-13 |w 2019-11-24 |y BK |z Catalogado en:20170804 |k ART | ||